LEADER 02066 am 22004213u 450 001 9910765819003321 005 20221031213514.0 010 $a1-920541-63-2 035 $a(CKB)2550000001196728 035 $a(MiAaPQ)EBC4749898 035 $a(ScCtBLL)2b63901f-a22e-4d15-b946-d16a42019e3f 035 $a(EXLCZ)992550000001196728 100 $a20161212h20122012 uy 0 101 0 $aeng 135 $aurcnu|||||||| 181 $2rdacontent 182 $2rdamedia 183 $2rdacarrier 200 00$aAccountable government in Africa $eperspectives from public law and political studies /$feditors, Danwood M. Chirwa, Lia Nijzink 210 1$aTokyo, Japan :$cUnited Nations University Press,$d2012. 210 4$dİ2012 215 $a1 online resource (321 pages) $cillustrations, tables 311 $a1-919895-37-X 320 $aIncludes bibliographical references at the end of each chapters and index. 330 $aIn the early 1990s, a wave of democratisation swept the African continents, resulting in a flurry of constitution-making and constitutional revision. Two decades later, leading experts in the fields of public law, political sciemnce and democratisation studies assess to what extent accountable governance has taken root in Africa. this book represents new knowledge about legal and political developments in a number of African countries - Ghana, Malawi, Mali, South Africa, Tanzania, Uganda and Zambia, with further references to Mozambique, Kenya and Swaziland - bringing the policy goal of developing and deepening democratic governance and accountable government on the continent up to date. 606 $aGovernment accountability$zAfrica 607 $aAfrica$xPolitics and government$y1960- 615 0$aGovernment accountability 676 $a352.3/5096 702 $aChirwa$b Danwood Mzikenge 702 $aNijzink$b Lia 801 0$bMiAaPQ 801 1$bMiAaPQ 801 2$bMiAaPQ 906 $aBOOK 912 $a9910765819003321 996 $aAccountable government in Africa$93653020 997 $aUNINA LEADER 03153oas 2200925 a 450 001 9910142263203321 005 20251106213014.0 035 $a(OCoLC)39219076 035 $a(CONSER) 2002230667 035 $a(CKB)1000000000320597 035 $a(EXLCZ)991000000000320597 100 $a19980603a19869999 sa a 101 0 $aeng 135 $auran||||||||| 181 $ctxt$2rdacontent 182 $cc$2rdamedia 183 $acr$2rdacarrier 200 10$aAtlas/data abstract for the United States and selected areas 210 $aWashington, DC $cDept. of Defense, Washington Headquarters Services, Directorate for Information Operations and Reports 300 $aDistributed to depository libraries on microfiche, 1986-<1995> 311 08$a1933-9968 606 $aDefense contracts$zUnited States$vStatistics$vPeriodicals 606 $aArmed Forces$xAppropriations and expenditures$2fast$3(OCoLC)fst00814587 606 $aArmed Forces$xFacilities$2fast$3(OCoLC)fst01351774 606 $aArmed Forces$xOfficials and employees$2fast$3(OCoLC)fst01351840 606 $aDefense contracts$2fast$3(OCoLC)fst00889611 606 $aMILITARY BASES$2unbist 606 $aDEFENCE CONTRACTS$2unbist 606 $aMILITARY BUDGETS$2unbist 606 $aSTATISTICS$2unbist 606 $aUNITED STATES$2unbist 607 $aUnited States$xArmed Forces$xAppropriations and expenditures$vStatistics$vPeriodicals 607 $aUnited States$xArmed Forces$xOfficials and employees$vStatistics$vPeriodicals 607 $aUnited States$xArmed Forces$xFacilities$vStatistics$vPeriodicals 607 $aUnited States$2fast$1https://id.oclc.org/worldcat/entity/E39PBJtxgQXMWqmjMjjwXRHgrq 608 $aPeriodicals.$2fast 608 $aStatistics.$2fast 615 0$aDefense contracts 615 7$aArmed Forces$xAppropriations and expenditures. 615 7$aArmed Forces$xFacilities. 615 7$aArmed Forces$xOfficials and employees. 615 7$aDefense contracts. 615 7$aMILITARY BASES. 615 7$aDEFENCE CONTRACTS. 615 7$aMILITARY BUDGETS. 615 7$aSTATISTICS. 615 7$aUNITED STATES. 676 $a355.6 712 02$aUnited States.$bDepartment of Defense.$bWashington Headquarters Services.$bDirectorate for Information Operations and Reports. 712 02$aUnited States.$bDepartment of Defense.$bWashington Headquarters Services.$bDirectorate for Information Operations and Reports.$bStatistical Information Analysis Division. 801 0$bAFQ 801 1$bAFQ 801 2$bOCL 801 2$bEYM 801 2$bOCLCQ 801 2$bGPO 801 2$bOCLCQ 801 2$bHUL 801 2$bDLC 801 2$bGPO 801 2$bNSD 801 2$bDLC 801 2$bOCLCQ 801 2$bOCLCE 801 2$bOCLCQ 801 2$bOCLCO 801 2$bOCLCQ 801 2$bOCLCO 801 2$bOCLCA 801 2$bOCLCQ 801 2$bOCLCA 801 2$bOCLCF 801 2$bOCLCO 801 2$bOCLCQ 801 2$bOCLCL 801 2$bOCLCQ 906 $aJOURNAL 912 $a9910142263203321 996 $aAtlas$9250568 997 $aUNINA